Tribhuvan University Central Library

किताबै किताबः (Record no. 90400)

MARC details
000 -LEADER
fixed length control field 00740nam a22002177a 4500
008 - FIXED-LENGTH DATA ELEMENTS--GENERAL INFORMATION
fixed length control field 200113b xxu||||| |||| 00| 0 eng d
020 ## - INTERNATIONAL STANDARD BOOK NUMBER
International Standard Book Number 9789937038065
041 ## - LANGUAGE CODE
Language code of text/sound track or separate title Nep.
082 ## - DEWEY DECIMAL CLASSIFICATION NUMBER
Classification number N895.5109/T522k
100 ## - MAIN ENTRY--PERSONAL NAME
Personal name Thapa, Ashok
241 ## - ROMANIZED TITLE (BK AM CF MP MU VM)
Romanized title Kitabai kitab:Pustaksamiksha sidhant ra prayog
245 ## - TITLE STATEMENT
Title किताबै किताबः
Remainder of title पुस्तकसमिक्षा शिद्धान्त र प्रयोग
246 ## - VARYING FORM OF TITLE
Title proper/short title Book review:
Remainder of title Theory & parctice
260 ## - PUBLICATION, DISTRIBUTION, ETC.
Place of publication, distribution, etc. Kathmandu:
Name of publisher, distributor, etc. Nepali Books Publications,
Date of publication, distribution, etc. 2074BS
300 ## - PHYSICAL DESCRIPTION
Extent vii,247p.;illus.
504 ## - BIBLIOGRAPHY, ETC. NOTE
Bibliography, etc. note Bibliography:p.246-247
650 ## - SUBJECT ADDED ENTRY--TOPICAL TERM
Topical term or geographic name entry element Nepali literature
650 ## - SUBJECT ADDED ENTRY--TOPICAL TERM
Topical term or geographic name entry element Literary criticism
650 ## - SUBJECT ADDED ENTRY--TOPICAL TERM
Topical term or geographic name entry element Literary history
942 ## - ADDED ENTRY ELEMENTS (KOHA)
Source of classification or shelving scheme Dewey Decimal Classification
Koha item type ISBN
Holdings
Withdrawn status Lost status Source of classification or shelving scheme Damaged status Not for loan Home library Current library Date acquired Total Checkouts Full call number Barcode Date last seen Price effective from Koha item type
    Dewey Decimal Classification     Tribhuvan University Central Library Tribhuvan University Central Library 01/13/2020   N895.5109/T522k IS14526 01/13/2020 01/13/2020 ISBN
    Dewey Decimal Classification     Tribhuvan University Central Library Tribhuvan University Central Library 01/13/2020   N895.5109/T522k IS14527 01/13/2020 01/13/2020 ISBN
    Dewey Decimal Classification     Tribhuvan University Central Library Tribhuvan University Central Library 05/30/2024   N895.5109/T522k IS19635 05/30/2024 05/30/2024 ISBN
    Dewey Decimal Classification     Tribhuvan University Central Library Tribhuvan University Central Library 05/30/2024   N895.5109/T522k IS19636 05/30/2024 05/30/2024 ISBN